Infotoday 2006/ 07 : Malaysia business directory.
| Format: | Book |
|---|---|
| Published: |
Klang, Selangor:
Infotoday,
2006.
|
| Subjects: |
| LEADER | 00490cam a2200145 7i4500 | ||
|---|---|---|---|
| 001 | 0000018346 | ||
| 005 | 20060907090000.0 | ||
| 090 | 0 | 0 | |a M 338.7025 |b INF |
| 245 | 0 | 0 | |a Infotoday 2006/ 07 : |b Malaysia business directory. |
| 260 | 0 | 0 | |a Klang, Selangor: |b Infotoday, |c 2006. |
| 300 | # | # | |a 911 p. |
| 650 | 0 | 0 | |a Business -- |x Directories -- |z Malaysia |
| 651 | 0 | 0 | |a Malaysia |
| 999 | |a SRW000011H |b Directories |c Malaysia |e MATRADE Sarawak | ||
| 999 | |a PNG000624H |b Directories |c Malaysia |e MATRADE Northern Regional Office | ||